[Event "C.to Italiano U14"]
[Site "Tarvisio ITA"]
[Date "2014.06.30"]
[Round "2"]
[White "Carnicelli, Valerio"]
[Black "Beltrame, Leonardo"]
[WhiteElo "2137"]
[BlackElo "1616"]
[Result "1-0"]
[PlyCount "41"]
[EventDate "2014.06.29"]

1. e4 c5 2. Nf3 d6 3. d4 cxd4 4. Nxd4 Nf6 5. Nc3 a6 6. f3 e5 7. Nb3 Be6 8. Be3
h5 9. Qd2 Nbd7 10. Nd5 Bxd5 11. exd5 Be7 12. Be2 Nb6 13. c4 Rc8 14. Rc1 Na4 15.
O-O Nd7 16. Na5 Qc7 17. b4 b6 18. Nc6 Nb8 19. Bd1 b5 20. cxb5 axb5 21. Bxa4 1-0

[Event "C.to Italiano U14"]
[Site "Tarvisio ITA"]
[Date "2014.06.30"]
[Round "2"]
[White "D'Avino, Gianfranco"]
[Black "Faglioni, Isacco"]
[WhiteElo "1949"]
[BlackElo "1608"]
[Result "1-0"]
[PlyCount "53"]
[EventDate "2014.06.29"]

1. d4 d5 2. c4 e6 3. Nc3 c6 4. Nf3 dxc4 5. g3 Nf6 6. Bg2 Nbd7 7. a4 Bb4 8. O-O
Rb8 9. Nd2 Nb6 10. a5 Nbd5 11. Nxc4 Nxc3 12. bxc3 Bxc3 13. Ba3 Bxa1 14. Nd6+
Kd7 15. Nxf7 Qxa5 16. Qxa1 Rg8 17. Ne5+ Ke8 18. Nc4 Qa6 19. Nd6+ Kd7 20. e4 b5
21. d5 cxd5 22. exd5 exd5 23. Bh3+ Kd8 24. Nxc8 b4 25. Qe5 Rxc8 26. Bxb4 Re8
27. Ba5+ 1-0

[Event "C.to Italiano U14"]
[Site "Tarvisio ITA"]
[Date "2014.06.30"]
[Round "2"]
[White "Miatto, Marco"]
[Black "Moroni, Luca jr"]
[WhiteElo "1610"]
[BlackElo "2338"]
[Result "0-1"]
[PlyCount "64"]
[EventDate "2014.06.29"]

1. d4 d5 2. c4 e6 3. Nf3 Nf6 4. g3 dxc4 5. Bg2 Bb4+ 6. Bd2 c5 7. Bxb4 cxb4 8.
Ne5 O-O 9. Nxc4 Nc6 10. e3 e5 11. d5 b5 12. dxc6 Qxd1+ 13. Kxd1 bxc4 14. a3 b3
15. Kc1 Bf5 16. Nc3 Ng4 17. Nd5 Be6 18. Rf1 Nxh2 19. Rd1 Ng4 20. Rd2 Rad8 21.
e4 Kh8 22. Bf1 Rc8 23. c7 Nf6 24. Nxf6 gxf6 25. Kd1 Rxc7 26. Rc1 c3 27. Rxc3
Rxc3 28. bxc3 Rc8 29. c4 Bxc4 30. Bxc4 Rxc4 31. Rd8+ Kg7 32. f3 b2 0-1

[Event "C.to Italiano U14"]
[Site "Tarvisio ITA"]
[Date "2014.06.30"]
[Round "3"]
[White "Bisi, Riccardo"]
[Black "Simonetto, Andrea"]
[WhiteElo "1828"]
[BlackElo "1704"]
[Result "1/2-1/2"]
[PlyCount "135"]
[EventDate "2014.06.29"]

1. e4 c6 2. d4 d5 3. exd5 cxd5 4. Nf3 Nc6 5. c3 Bf5 6. Bd3 Bg6 7. O-O e6 8. Bf4
Bd6 9. Ne5 Nge7 10. Re1 Qc7 11. Na3 a6 12. Qf3 Bxd3 13. Qxd3 Ng6 14. Qg3 Nxf4
15. Qxf4 f6 16. Qg4 fxe5 17. Qxe6+ Qe7 18. Qxd5 O-O-O 19. Qc4 Qc7 20. Qe6+ Kb8
21. Nc4 Rhe8 22. Qg4 exd4 23. Nxd6 Rxe1+ 24. Rxe1 Rxd6 25. cxd4 Rxd4 26. Qf5 h6
27. h3 Qd7 28. Qf8+ Kc7 29. Qf3 Rd3 30. Qf4+ Kb6 31. Qc4 Qd5 32. Qg4 g5 33. Qa4
Qd4 34. Qc2 Rd2 35. Qf5 Rd1 36. Rxd1 Qxd1+ 37. Kh2 Qd6+ 38. Kg1 Qb4 39. Qc2 a5
40. a3 Qe1+ 41. Kh2 Qe5+ 42. Kg1 Qd6 43. Qb3+ Ka6 44. Qc2 b5 45. Qf5 Ne5 46.
Qc8+ Kb6 47. Qc3 Nc4 48. a4 Qe6 49. b3 Nd6 50. b4 axb4 51. Qxb4 Qe5 52. axb5
Nxb5 53. Qf8 Qd6 54. Qf3 Nd4 55. Qd3 Kc6 56. Qa6+ Kd7 57. Qd3 Nc6 58. Qf5+ Qe6
59. Qh7+ Ne7 60. Qd3+ Ke8 61. Qd1 Kf7 62. Qf3+ Kg7 63. Qc3+ Qf6 64. Qe1 Ng6 65.
Qd1 Nf4 66. Qd7+ Kg6 67. Qe8+ Qf7 68. Qe4+ 1/2-1/2

[Event "C.to Italiano U14"]
[Site "Tarvisio ITA"]
[Date "2014.06.30"]
[Round "3"]
[White "Botta, Massimiliano"]
[Black "D'Avino, Gianfranco"]
[WhiteElo "1702"]
[BlackElo "1949"]
[Result "0-1"]
[PlyCount "42"]
[EventDate "2014.06.29"]

1. e4 e6 2. d4 d5 3. Nc3 Bb4 4. e5 c5 5. Be3 cxd4 6. Bxd4 Nc6 7. f4 Nge7 8. Nf3
Nf5 9. g3 Nfxd4 10. Nxd4 Qb6 11. Nxc6 Qe3+ 12. Be2 Bxc3+ 13. bxc3 Qxc3+ 14. Kf1
bxc6 15. Rb1 O-O 16. Rb3 Qa5 17. Bd3 Ba6 18. Qe2 Bxd3 19. cxd3 Rab8 20. Kf2
Rxb3 21. axb3 Qb6+ 0-1

[Event "C.to Italiano U14"]
[Site "Tarvisio ITA"]
[Date "2014.06.30"]
[Round "3"]
[White "Lodici, Lorenzo"]
[Black "Marzocchi, Tommaso"]
[WhiteElo "2105"]
[BlackElo "1722"]
[Result "1/2-1/2"]
[PlyCount "77"]
[EventDate "2014.06.29"]

1. d4 d5 2. c4 c6 3. Nc3 Nf6 4. Nf3 e6 5. e3 Nbd7 6. Qc2 Bd6 7. g4 Nxg4 8. Rg1
Nxh2 9. Nxh2 Bxh2 10. Rxg7 Bd6 11. Rxh7 Qf6 12. Rxh8+ Qxh8 13. Bd2 Nf6 14.
O-O-O Bd7 15. f4 O-O-O 16. c5 Bc7 17. b4 Ng4 18. a4 f5 19. b5 Ba5 20. Re1 Bxc3
21. Qxc3 Nf6 22. Qa5 cxb5 23. axb5 Kb8 24. b6 axb6 25. Qxb6 Bc6 26. Re2 Nd7 27.
Qb3 Rg8 28. Re1 Rc8 29. Kb1 Nf6 30. Bd3 Qh2 31. Ba5 Qg2 32. Qd1 Rg8 33. Qe2
Qxe2 34. Rxe2 Ne4 35. Kb2 Kc8 36. Be1 Nf6 37. Rf2 Ng4 38. Rf3 Rh8 39. Kc3
1/2-1/2

[Event "C.to Italiano U14"]
[Site "Tarvisio ITA"]
[Date "2014.06.30"]
[Round "3"]
[White "Mirri, Pietro"]
[Black "Carnicelli, Valerio"]
[WhiteElo "1718"]
[BlackElo "2137"]
[Result "1/2-1/2"]
[PlyCount "100"]
[EventDate "2014.06.29"]

1. d4 d5 2. c4 c6 3. Nf3 Nf6 4. Nc3 e6 5. e3 Nbd7 6. Bd3 dxc4 7. Bxc4 b5 8. Bd3
a6 9. O-O c5 10. dxc5 Bxc5 11. e4 b4 12. Ne2 h6 13. Bf4 Bb7 14. Ng3 Qb6 15. Qe2
g5 16. Bd2 g4 17. Ne1 h5 18. e5 h4 19. Ne4 Nxe4 20. Bxe4 O-O-O 21. Nd3 Kb8 22.
Bxb7 Qxb7 23. Rac1 h3 24. Ne1 hxg2 25. Nxg2 Ka8 26. Bf4 Ba7 27. Ne3 Bxe3 28.
Qxe3 Nb6 29. Rc5 Nd5 30. Qe4 Rd7 31. Rfc1 Nxf4 32. Qxf4 Rhd8 33. Rf1 Rd4 34.
Qc1 R4d7 35. Rc4 Kb8 36. Qf4 a5 37. Qxg4 Rd5 38. Qe4 Rg8+ 39. Kh1 Rg5 40. f4
Rg8 41. Rfc1 Rh8 42. Qg2 Rd2 43. Qxb7+ Kxb7 44. Rc7+ Kb8 45. Kg1 Rdxh2 46. Rc8+
Rxc8 47. Rxc8+ Kxc8 48. Kxh2 Kd7 49. Kg3 Kc6 50. Kg4 Kd7 1/2-1/2

[Event "C.to Italiano U14"]
[Site "Tarvisio ITA"]
[Date "2014.06.30"]
[Round "3"]
[White "Moroni, Luca jr"]
[Black "Corona, Rafaele"]
[WhiteElo "2338"]
[BlackElo "1735"]
[Result "1-0"]
[PlyCount "79"]
[EventDate "2014.06.29"]

1. Nf3 d5 2. c4 e6 3. g3 Nf6 4. Bg2 Bd6 5. O-O O-O 6. b3 c6 7. Bb2 Nbd7 8. d4
b6 9. Nbd2 Bb7 10. Ne5 c5 11. cxd5 exd5 12. Nxd7 Nxd7 13. dxc5 Bxc5 14. Nf3 Nf6
15. Nd4 Qd7 16. Rc1 Rfe8 17. a3 Re7 18. b4 Bxd4 19. Bxd4 Ne4 20. a4 Rc8 21. b5
Rxc1 22. Qxc1 Qc7 23. Qb2 f6 24. Rc1 Qd7 25. Qa2 Qe6 26. a5 Nd6 27. Qb3 Nc4 28.
a6 Ba8 29. e3 Re8 30. Qb4 Qe7 31. Qxe7 Rxe7 32. Rxc4 dxc4 33. Bxa8 Rc7 34. Bc6
Kf7 35. Kf1 Ke6 36. Ke2 g5 37. h3 h5 38. Kd2 f5 39. Kc3 Rc8 40. Bxb6 1-0

[Event "C.to Italiano U14"]
[Site "Tarvisio ITA"]
[Date "2014.06.30"]
[Round "3"]
[White "Palozza, Christian"]
[Black "Bernardini, Tommaso"]
[WhiteElo "1696"]
[BlackElo "1917"]
[Result "1/2-1/2"]
[PlyCount "39"]
[EventDate "2014.06.29"]

1. d4 Nf6 2. c4 c5 3. d5 b5 4. cxb5 a6 5. b6 Qxb6 6. Nc3 d6 7. e4 g6 8. Be2 Bg7
9. Nf3 O-O 10. Nd2 Nbd7 11. O-O a5 12. Kh1 Ba6 13. f4 Bxe2 14. Qxe2 Ne8 15. Rf2
Qa6 16. Qxa6 Rxa6 17. Nc4 Nb6 18. Nxb6 Rxb6 19. g4 Bd4 20. Re2 1/2-1/2

[Event "C.to Italiano U14"]
[Site "Tarvisio ITA"]
[Date "2014.07.01"]
[Round "4"]
[White "Arbore, Daniele"]
[Black "Moroni, Luca jr"]
[WhiteElo "1753"]
[BlackElo "2338"]
[Result "0-1"]
[PlyCount "148"]
[EventDate "2014.06.29"]

1. e4 e6 2. d4 d5 3. exd5 exd5 4. Nf3 Nc6 5. c3 Bd6 6. h3 Nge7 7. Bd3 Be6 8.
Be3 Qd7 9. Nbd2 Bf5 10. Qc2 Bxd3 11. Qxd3 Nf5 12. Nb3 f6 13. Qd2 O-O-O 14.
O-O-O g5 15. g3 Rde8 16. Rde1 h5 17. Qd3 Re4 18. Nfd2 Re7 19. Re2 Rhe8 20. Rhe1
Nxe3 21. Rxe3 Qxh3 22. Rxe7 Rxe7 23. Rxe7 Nxe7 24. Qf3 h4 25. gxh4 Qxf3 26.
Nxf3 g4 27. Ng1 Nf5 28. h5 Ng7 29. h6 Bf4+ 30. Kc2 Bxh6 31. Ne2 Bg5 32. Nc5 Ne8
33. Ne6 Bh4 34. Ng3 Nd6 35. Nf4 c6 36. Kd3 Kd7 37. b3 Bg5 38. Ke3 a5 39. f3 f5
40. Nge2 b5 41. Kf2 Bxf4 42. Nxf4 gxf3 43. Kxf3 Ne4 44. Ne2 Ke7 45. a4 bxa4 46.
bxa4 Kf7 47. Ke3 Kg6 48. Kf4 Kf6 49. Kf3 Kg5 50. Nf4 Kf6 51. Nd3 Ke7 52. Nc1
Nxc3 53. Nb3 Nxa4 54. Nxa5 c5 55. dxc5 Nxc5 56. Kf4 Kf6 57. Nc6 Ne6+ 58. Ke3
f4+ 59. Kf3 Kf5 60. Ne7+ Ke5 61. Nc6+ Kd6 62. Nb4 Kc5 63. Nd3+ Kc4 64. Ne5+ Kc3
65. Ng4 d4 66. Nf2 d3 67. Ne4+ Kc2 68. Nf2 d2 69. Ke2 Nd4+ 70. Kf1 d1=Q+ 71.
Nxd1 Kxd1 72. Kf2 Kd2 73. Kg2 Ke2 74. Kg1 f3 0-1

[Event "C.to Italiano U14"]
[Site "Tarvisio ITA"]
[Date "2014.07.01"]
[Round "4"]
[White "Bernardini, Tommaso"]
[Black "D'Urbano, Gabriele"]
[WhiteElo "1917"]
[BlackElo "1704"]
[Result "1-0"]
[PlyCount "69"]
[EventDate "2014.06.29"]

1. d4 Nf6 2. Nc3 d5 3. Bg5 Nbd7 4. e3 g6 5. f4 Bg7 6. Nf3 O-O 7. Bd3 c6 8. Ne5
Re8 9. O-O Qc7 10. Qd2 e6 11. Ne2 c5 12. c3 c4 13. Bc2 Nb6 14. g4 Ne4 15. Bxe4
dxe4 16. f5 f6 17. Bh4 fxe5 18. f6 Bxf6 19. Bxf6 exd4 20. exd4 Nd5 21. Be5 e3
22. Qe1 Qe7 23. Nf4 b5 24. h3 Bb7 25. Nxd5 Bxd5 26. Qxe3 Rf8 27. Bf4 Qd7 28.
Bh6 Rxf1+ 29. Rxf1 Re8 30. Qe5 Qe7 31. h4 a6 32. h5 Ba8 33. hxg6 hxg6 34. Rf6
Qh7 35. Qxe6+ 1-0

[Event "C.to Italiano U14"]
[Site "Tarvisio ITA"]
[Date "2014.07.01"]
[Round "4"]
[White "Carnicelli, Valerio"]
[Black "Benetti, Lorenzo"]
[WhiteElo "2137"]
[BlackElo "1678"]
[Result "1/2-1/2"]
[PlyCount "49"]
[EventDate "2014.06.29"]

1. e4 d6 2. d4 Nf6 3. Nc3 g6 4. f3 c6 5. Be3 Nbd7 6. g4 b5 7. Bd3 a6 8. Nce2
Qc7 9. Ng3 c5 10. c3 Bb7 11. N1e2 Bg7 12. O-O h5 13. g5 Nh7 14. h4 O-O 15. Rc1
Rfc8 16. f4 e6 17. Bb1 f5 18. exf5 exf5 19. a3 Re8 20. Qd3 Qc6 21. Rf2 c4 22.
Qd2 Re7 23. Re1 Rae8 24. Nc1 Nb6 25. Na2 1/2-1/2

[Event "C.to Italiano U14"]
[Site "Tarvisio ITA"]
[Date "2014.07.01"]
[Round "4"]
[White "D'Avino, Gianfranco"]
[Black "Esposti, Federico"]
[WhiteElo "1949"]
[BlackElo "1747"]
[Result "0-1"]
[PlyCount "52"]
[EventDate "2014.06.29"]

1. d4 d5 2. c4 c6 3. Nf3 Nf6 4. Nc3 dxc4 5. a4 Bf5 6. Ne5 Nbd7 7. Nxc4 Nb6 8.
Ne5 a5 9. f3 Nfd7 10. Nxd7 Nxd7 11. e4 Bg6 12. Be3 Qb6 13. Qd2 e5 14. dxe5 Bc5
15. Bxc5 Qxc5 16. f4 O-O-O 17. Qe2 Rhe8 18. g3 f6 19. exf6 Nxf6 20. e5 Rd3 21.
Bh3+ Kb8 22. Kf1 Qd4 23. Rd1 Nd5 24. f5 Ne3+ 25. Ke1 Nxd1 26. Nxd1 Rxe5 0-1

[Event "C.to Italiano U14"]
[Site "Tarvisio ITA"]
[Date "2014.07.01"]
[Round "4"]
[White "Marzocchi, Tommaso"]
[Black "Iannello, Andrea"]
[WhiteElo "1722"]
[BlackElo "1927"]
[Result "1/2-1/2"]
[PlyCount "208"]
[EventDate "2014.06.29"]

1. e4 c5 2. Nf3 d6 3. d4 cxd4 4. Nxd4 Nf6 5. Nc3 a6 6. Be3 e5 7. Nb3 Be6 8. f3
Be7 9. Be2 O-O 10. O-O d5 11. exd5 Nxd5 12. Nxd5 Bxd5 13. Qd2 Be6 14. Qxd8 Rxd8
15. Rfd1 Nc6 16. Nc5 Bxc5 17. Bxc5 Rac8 18. c3 Rxd1+ 19. Bxd1 Na5 20. Bb4 Nc4
21. b3 Ne3 22. c4 Rd8 23. Kf2 Rxd1 24. Rxd1 Nxd1+ 25. Ke2 Nb2 26. Bc3 Nxc4 27.
bxc4 Bxc4+ 28. Ke3 Bxa2 29. Bxe5 a5 30. Bc3 b6 31. Bd4 b5 32. Bb6 a4 33. Bc5 f6
34. g3 Kf7 35. f4 Ke6 36. Kd4 Kf5 37. Ke3 Kg4 38. Kf2 Kh3 39. Kg1 Bc4 40. Bb4
h5 41. Bf8 g5 42. fxg5 fxg5 43. Bc5 h4 44. gxh4 gxh4 45. Bd6 Kg4 46. Kf2 Kf5
47. Ke3 Ke6 48. Bb4 Kd5 49. Kd2 Kd4 50. Kc2 Ke3 51. Kb2 h3 52. Ka3 Bf1 53. Bc5+
Kd2 54. Bb4+ Ke2 55. Bc5 Kf3 56. Bb4 Kg2 57. Bd6 Be2 58. Be5 Kf1 59. Bc3 Bd3
60. Bb4 Bc2 61. Bc5 Ke2 62. Be7 Kd1 63. Bc5 Bf5 64. Bd6 Kc1 65. Bc5 Kb1 66. Bd6
Bd3 67. Bc5 Bh7 68. Bd6 Kc1 69. Bc5 Kd2 70. Bd6 Bf5 71. Be7 Bd7 72. Bd6 Ke3 73.
Be7 Kf2 74. Bd6 Kg1 75. Be5 Be8 76. Bd6 Bh5 77. Be5 Be2 78. Bd6 Kg2 79. Be5 Bd3
80. Bd6 Kf3 81. Bc5 Bf1 82. Bd6 Ke3 83. Be7 Bc4 84. Bd6 Kf3 85. Be7 Be2 86. Bd6
Bd1 87. Be7 Bb3 88. Bc5 Kg2 89. Bd6 Bc4 90. Be5 Kh1 91. Bd6 Kg1 92. Be5 Bf7 93.
Bd6 Be8 94. Be5 Bc6 95. Bd6 Kf1 96. Be5 Ke2 97. Bd6 Ke3 98. Be7 Bd5 99. Bd6 Bb3
100. Be7 Kf2 101. Bd6 Kg1 102. Be5 Kh1 103. Bd6 Bf7 104. Be5 Bh5 1/2-1/2

[Event "C.to Italiano U14"]
[Site "Tarvisio ITA"]
[Date "2014.07.01"]
[Round "4"]
[White "Mirri, Pietro"]
[Black "Lodici, Lorenzo"]
[WhiteElo "1718"]
[BlackElo "2105"]
[Result "0-1"]
[PlyCount "123"]
[EventDate "2014.06.29"]

1. d4 f5 2. c4 Nf6 3. Nf3 g6 4. Nc3 Bg7 5. g3 O-O 6. Bg2 d6 7. O-O c6 8. Qc2
Kh8 9. Rd1 Qc7 10. d5 Bd7 11. Nd4 a5 12. b3 Na6 13. a3 Nc5 14. Bb2 Qb6 15. Rab1
Rfc8 16. Rdc1 e5 17. dxe6 Nxe6 18. Nxe6 Bxe6 19. Na4 Qc7 20. c5 dxc5 21. Nxc5
Bf7 22. Rd1 Rd8 23. Rxd8+ Rxd8 24. Rd1 Rxd1+ 25. Qxd1 Kg8 26. Nd3 Nd5 27. Bxg7
Kxg7 28. Qa1+ Kg8 29. Qe5 Qxe5 30. Nxe5 Nc3 31. Nxf7 Kxf7 32. Kf1 Nb1 33. b4
Nxa3 34. bxa5 Ke6 35. a6 bxa6 36. Bxc6 Kd6 37. Ba4 Kc5 38. Ke1 Kb4 39. Bd7 Kc3
40. g4 f4 41. g5 Nc4 42. Be8 a5 43. h4 Kb3 44. Kd1 Kb2 45. Bf7 Ne5 46. Bg8 a4
47. Bxh7 a3 48. Bg8 a2 49. Bxa2 Kxa2 50. e3 f3 51. Ke1 Kb3 52. Kf1 Kc3 53. Kg1
Ng4 54. h5 gxh5 55. g6 Kd3 56. g7 Nf6 57. Kh2 Ke2 58. Kg1 h4 59. e4 Ke1 60. e5
Ng8 61. e6 Ke2 62. Kh2 0-1

[Event "C.to Italiano U14"]
[Site "Tarvisio ITA"]
[Date "2014.07.02"]
[Round "5"]
[White "Benetti, Lorenzo"]
[Black "Bernardini, Tommaso"]
[WhiteElo "1678"]
[BlackElo "1917"]
[Result "1/2-1/2"]
[PlyCount "117"]
[EventDate "2014.06.29"]

1. d4 Nf6 2. Bg5 g6 3. Bxf6 exf6 4. e4 Bg7 5. f4 O-O 6. Nf3 Re8 7. Bd3 d5 8. e5
c5 9. c3 Qb6 10. Qc2 Nc6 11. dxc5 Qxc5 12. Qf2 Qxf2+ 13. Kxf2 fxe5 14. fxe5
Nxe5 15. Nxe5 Bxe5 16. Re1 Bd7 17. g3 Bd6 18. Nd2 Bc5+ 19. Kg2 Bc6 20. Nb3 Bb6
21. Nd4 Bxd4 22. cxd4 Kf8 23. Rac1 Rxe1 24. Rxe1 Re8 25. Rxe8+ Kxe8 26. Kf3 Ke7
27. Kf4 Kf6 28. h4 h6 29. Kg4 Bd7+ 30. Kf4 g5+ 31. Kf3 Bf5 32. Bb5 Kg6 33. Be2
Kh5 34. hxg5 hxg5 35. Kf2+ Bg4 36. Bb5 Kg6 37. Ke3 Kf6 38. Ba4 Bf5 39. Bb3 Be4
40. Ba4 Ke6 41. Be8 a6 42. a3 Bc2 43. Kd2 Bb3 44. Kc3 Bc4 45. Ba4 a5 46. Bc2 f5
47. Kd2 f4 48. gxf4 gxf4 49. Ke1 Kf6 50. Kf2 Kg5 51. Kf3 Bb5 52. Bb3 Bc4 53.
Bc2 b5 54. b4 axb4 55. axb4 Ba2 56. Bd3 Bc4 57. Bc2 Bf1 58. Bb3 Bc4 59. Bc2
1/2-1/2

[Event "C.to Italiano U14"]
[Site "Tarvisio ITA"]
[Date "2014.07.02"]
[Round "5"]
[White "Bisi, Riccardo"]
[Black "Carraro, Riccardo"]
[WhiteElo "1828"]
[BlackElo "1690"]
[Result "1-0"]
[PlyCount "63"]
[EventDate "2014.06.29"]

1. e4 e5 2. Nf3 Nc6 3. Bc4 Bc5 4. c3 Nf6 5. d4 exd4 6. cxd4 Bb4+ 7. Nc3 Bxc3+
8. bxc3 Nxe4 9. O-O O-O 10. Re1 d5 11. Bd3 Bf5 12. Qc2 Re8 13. Bf4 Bg6 14. Qb3
Na5 15. Qa4 c6 16. Bxe4 Bxe4 17. Nd2 b5 18. Qb4 Nc4 19. Nxc4 dxc4 20. a4 a6 21.
Be5 Qd5 22. f3 Bd3 23. Bg3 f6 24. Re7 a5 25. Rxe8+ Rxe8 26. Qxa5 bxa4 27. Qxa4
h5 28. Qa7 Qb5 29. Qd7 Re2 30. Qc8+ Kh7 31. Qh3 Qb2 32. Qxh5+ 1-0

[Event "C.to Italiano U14"]
[Site "Tarvisio ITA"]
[Date "2014.07.02"]
[Round "5"]
[White "Botta, Massimiliano"]
[Black "Carnicelli, Valerio"]
[WhiteElo "1702"]
[BlackElo "2137"]
[Result "1-0"]
[PlyCount "107"]
[EventDate "2014.06.29"]

1. e4 e5 2. Nf3 Nc6 3. Bb5 f5 4. d3 fxe4 5. dxe4 Nf6 6. O-O Bc5 7. Nc3 d6 8. h3
O-O 9. Re1 Be6 10. Be3 Bxe3 11. Rxe3 h6 12. Qd2 Nh5 13. Ne2 Ne7 14. Kh2 Ng6 15.
g3 Rf7 16. Ba4 Qe7 17. Bb3 Raf8 18. Neg1 Nf6 19. Rae1 Nd7 20. R1e2 Nc5 21. Bxe6
Nxe6 22. c3 Rf6 23. b4 R8f7 24. a3 Qf8 25. Kg2 h5 26. h4 Nef4+ 27. gxf4 Nxf4+
28. Kf1 Nxe2 29. Qxe2 c6 30. Kg2 Qc8 31. Ng5 Rxf2+ 32. Qxf2 Rxf2+ 33. Kxf2 c5
34. Rd3 cxb4 35. axb4 b6 36. N1f3 Qb8 37. b5 Qc8 38. Kg2 Qg4+ 39. Kf1 Qd7 40.
Rd5 Qc7 41. Rd3 Qc4 42. Ke2 Qxb5 43. Kd2 Qc5 44. Rd5 Qc7 45. Ne6 Qd7 46. Nfg5
a5 47. Rd3 Qb5 48. Rxd6 Qb2+ 49. Kd3 Qb1+ 50. Kd2 Qb2+ 51. Kd1 Qb1+ 52. Ke2
Qb2+ 53. Rd2 Qb5+ 54. Kf2 1-0

[Event "C.to Italiano U14"]
[Site "Tarvisio ITA"]
[Date "2014.07.02"]
[Round "5"]
[White "Esposti, Federico"]
[Black "Moroni, Luca jr"]
[WhiteElo "1747"]
[BlackElo "2338"]
[Result "0-1"]
[PlyCount "120"]
[EventDate "2014.06.29"]

1. e4 e6 2. d4 d5 3. Nc3 Nc6 4. Nf3 Nf6 5. e5 Ne4 6. Bd3 Bb4 7. Bd2 Nxd2 8.
Qxd2 Bd7 9. a3 Bxc3 10. Qxc3 h6 11. Qd2 b6 12. Qe2 Ne7 13. c3 c5 14. Bc2 a6 15.
a4 a5 16. O-O Nc6 17. Bd3 Qe7 18. Bb5 Nb8 19. Rfc1 O-O 20. Bxd7 Qxd7 21. Qe3
Rc8 22. h3 Qe7 23. Qe1 Nc6 24. Rd1 Rc7 25. Rd3 Qd7 26. Rad1 Rac8 27. Re3 Ne7
28. Ra1 Nf5 29. Rd3 cxd4 30. Nxd4 Nxd4 31. Rxd4 Rc4 32. Qe3 R8c5 33. Rxc4 dxc4
34. Qd4 Qc6 35. f4 Rd5 36. Qf2 Rd3 37. Rf1 b5 38. axb5 Qxb5 39. Qc2 Qd5 40. Rf2
Qe4 41. Qe2 Re3 42. Qc2 Rd3 43. Qe2 Qb7 44. Qc2 Qd7 45. Kh2 a4 46. Qc1 Qa7 47.
Qc2 a3 48. bxa3 Qxa3 49. Rf3 Rxf3 50. gxf3 Qa1 51. Kg2 Qe1 52. Qb2 h5 53. Qb4
h4 54. Qxc4 Qg3+ 55. Kf1 Qxh3+ 56. Ke2 Qg2+ 57. Ke3 h3 58. Qc8+ Kh7 59. Qd8 h2
60. Qh4+ Kg6 0-1

[Event "C.to Italiano U14"]
[Site "Tarvisio ITA"]
[Date "2014.07.02"]
[Round "5"]
[White "Lodici, Lorenzo"]
[Black "Simonetto, Andrea"]
[WhiteElo "2105"]
[BlackElo "1704"]
[Result "1-0"]
[PlyCount "115"]
[EventDate "2014.06.29"]

1. d4 d5 2. c4 Nc6 3. Nc3 e5 4. cxd5 exd4 5. dxc6 dxc3 6. Qxd8+ Kxd8 7. cxb7
Bxb7 8. bxc3 Bd6 9. Bg5+ Ne7 10. Nf3 Re8 11. Bd2 Rb8 12. e3 Be4 13. Ng5 Bg6 14.
Bc4 Rf8 15. O-O Nc6 16. Bd5 Ne5 17. f4 Nd7 18. f5 Bh5 19. Rab1 Ke7 20. h3 Be2
21. Rfe1 Rxb1 22. Rxb1 Bd3 23. Rb7 Nc5 24. Rxa7 Rb8 25. Kf2 f6 26. Nf3 Bxf5 27.
Nd4 Bd7 28. Nc6+ Bxc6 29. Bxc6 Rb6 30. Bf3 Rb2 31. Ke2 g5 32. Kd1 Be5 33. Bc1
Rb6 34. Ba3 Bd6 35. Kc2 Kd7 36. Bb4 Ne6 37. Bxd6 Kxd6 38. a4 Nc5 39. a5 Rb8 40.
a6 f5 41. g3 Kd7 42. g4 fxg4 43. hxg4 Kd6 44. c4 Re8 45. Kd2 Rb8 46. Ke2 h6 47.
Bd5 Rb6 48. Bb7 Nxb7 49. axb7 Kc6 50. Kf3 Rb4 51. Ke2 Rb3 52. Kd2 Rb4 53. Kc3
Rxb7 54. Rxb7 Kxb7 55. Kd4 Kc6 56. Ke5 Kc5 57. e4 Kxc4 58. Kf5 1-0

[Event "C.to Italiano U14"]
[Site "Tarvisio ITA"]
[Date "2014.07.02"]
[Round "5"]
[White "Palozza, Christian"]
[Black "D'Avino, Gianfranco"]
[WhiteElo "1696"]
[BlackElo "1949"]
[Result "1/2-1/2"]
[PlyCount "98"]
[EventDate "2014.06.29"]

1. d4 Nf6 2. c4 g6 3. Nc3 d5 4. Bf4 Bg7 5. e3 c5 6. Nf3 O-O 7. Bd3 Nc6 8. O-O
cxd4 9. exd4 b6 10. Rc1 Bb7 11. Be5 dxc4 12. Bxc4 Nxe5 13. dxe5 Ng4 14. e6 f5
15. Qe2 Bxf3 16. gxf3 Nf6 17. Rfd1 Qb8 18. Nd5 Nh5 19. Nxe7+ Kh8 20. Nc6 Qf4
21. e7 Rfe8 22. Bf7 Qg5+ 23. Kh1 Nf4 24. Qf1 Rxe7 25. Nxe7 Qxe7 26. Bb3 Qh4 27.
Rc4 Be5 28. Qg1 Qh5 29. Rxf4 Bxf4 30. Qg2 Re8 31. Bc4 Re7 32. a4 Rc7 33. b3 Kg7
34. Kg1 Re7 35. h3 Rc7 36. Kh1 a6 37. Rd5 b5 38. axb5 axb5 39. Rxb5 Ra7 40. Rd5
Ra1+ 41. Bf1 Ra2 42. Rd7+ Kf6 43. Bc4 Qh4 44. Rf7+ Ke5 45. Qf1 Bd2 46. Qe2+ Kf4
47. Kg2 Rb2 48. Re7 Qf6 49. Rf7 Qh4 1/2-1/2

[Event "C.to Italiano U14"]
[Site "Tarvisio ITA"]
[Date "2014.07.02"]
[Round "6"]
[White "Bernardini, Tommaso"]
[Black "Gennari, Andrea"]
[WhiteElo "1917"]
[BlackElo "1639"]
[Result "1-0"]
[PlyCount "109"]
[EventDate "2014.06.29"]

1. d4 Nf6 2. Nc3 e6 3. e4 Bb4 4. Bg5 h6 5. Bxf6 Qxf6 6. e5 Qe7 7. a3 Bxc3+ 8.
bxc3 b6 9. Qg4 Qg5 10. Qe4 Nc6 11. Nf3 Qf5 12. Qxf5 exf5 13. d5 Ne7 14. c4 O-O
15. Bd3 f6 16. O-O fxe5 17. Nxe5 d6 18. Nf3 Ng6 19. Nd4 Bd7 20. f4 Rae8 21. g3
Ne7 22. Rae1 c6 23. dxc6 Bxc6 24. Rxe7 Rxe7 25. Nxc6 Rc7 26. Nd4 Rcf7 27. Re1
g6 28. Nb5 Rd8 29. Re6 Kg7 30. Nxd6 Rfd7 31. Nb5 Kf7 32. Re5 a6 33. Nc3 Rc8 34.
Nd5 Rc6 35. Nb4 Re6 36. Rd5 Ra7 37. Kf2 a5 38. Na2 Rc7 39. Nc3 Rc5 40. Na4 Rxd5
41. cxd5 Rd6 42. Bc4 Ke7 43. Nc3 Rd8 44. Nb5 Rc8 45. Bb3 Rc5 46. c4 a4 47. Ba2
Kd7 48. Ke3 Ke7 49. Kd4 Kf6 50. Bb1 g5 51. Nd6 gxf4 52. gxf4 Ra5 53. Bxf5 Ke7
54. Nb5 Kf6 55. Bc2 1-0

[Event "C.to Italiano U14"]
[Site "Tarvisio ITA"]
[Date "2014.07.02"]
[Round "6"]
[White "Esposti, Federico"]
[Black "Palozza, Christian"]
[WhiteElo "1747"]
[BlackElo "1696"]
[Result "1/2-1/2"]
[PlyCount "60"]
[EventDate "2014.06.29"]

1. e4 c6 2. d4 d5 3. Nc3 dxe4 4. Nxe4 Bf5 5. Ng3 Bg6 6. N1e2 e6 7. Nf4 Bd6 8.
h4 Bxf4 9. Bxf4 h6 10. h5 Bh7 11. c3 Nf6 12. Bd3 Bxd3 13. Qxd3 Nbd7 14. Ne4
Nxe4 15. Qxe4 Nf6 16. Qf3 Qd5 17. Qxd5 Nxd5 18. Bh2 O-O 19. O-O-O a5 20. g4 a4
21. a3 Rac8 22. Rhg1 b5 23. g5 hxg5 24. Rxg5 f6 25. Rg4 Kf7 26. Rdg1 Rg8 27.
Bd6 Rcd8 28. Bc5 Nc7 29. Bb6 Rc8 30. Bc5 Nd5 1/2-1/2

[Event "C.to Italiano U14"]
[Site "Tarvisio ITA"]
[Date "2014.07.02"]
[Round "6"]
[White "Iannello, Andrea"]
[Black "Bisi, Riccardo"]
[WhiteElo "1927"]
[BlackElo "1828"]
[Result "1-0"]
[PlyCount "125"]
[EventDate "2014.06.29"]

1. e4 e5 2. Nf3 Nc6 3. Bb5 a6 4. Ba4 Nf6 5. O-O b5 6. Bb3 Bc5 7. d3 d6 8. c3 h6
9. h3 O-O 10. Re1 Bb7 11. Nbd2 Bb6 12. Nf1 Ne7 13. Be3 Nd7 14. Ng3 Nc5 15. Bxc5
Bxc5 16. d4 exd4 17. Nxd4 Nc6 18. Ngf5 Qf6 19. Re3 Nxd4 20. cxd4 Bxe4 21. Nxg7
Bxd4 22. Nh5 Qe5 23. Qg4+ Kh8 24. Rxe4 Bxf2+ 25. Kh1 Qxb2 26. Rf1 Rg8 27. Qf4
Be3 28. Qf6+ Qxf6 29. Rxf6 Rge8 30. Rxf7 Bg5 31. Rg4 Rf8 32. Rxc7 Rac8 33. Rxc8
Rxc8 34. h4 Be3 35. Nf6 Rf8 36. Rg8+ Rxg8 37. Nxg8 Kg7 38. Kh2 Bf2 39. h5 Bh4
40. g3 Bg5 41. Kg2 a5 42. Kf3 a4 43. Be6 b4 44. Ke4 Bd2 45. Bd5 Bg5 46. Kd4 Bd2
47. g4 Be1 48. Ke4 Bh4 49. Kf5 Bg5 50. Ke4 Bd2 51. Kd3 Be1 52. Ne7 Kf6 53. Nf5
Kg5 54. Ne3 Bf2 55. Be6 Kf4 56. Nd1 Bc5 57. Kc2 Ke5 58. Bf5 Bd4 59. Nb2 Bxb2
60. Kxb2 d5 61. a3 b3 62. Bd7 Kf4 63. Bxa4 1-0

[Event "C.to Italiano U14"]
[Site "Tarvisio ITA"]
[Date "2014.07.02"]
[Round "6"]
[White "Lizzul Coppe, Mirko"]
[Black "Benetti, Lorenzo"]
[WhiteElo "1705"]
[BlackElo "1678"]
[Result "1/2-1/2"]
[PlyCount "53"]
[EventDate "2014.06.29"]

1. e4 d6 2. d4 Nf6 3. Nc3 g6 4. f4 Bg7 5. Nf3 Nbd7 6. Bd3 c5 7. d5 O-O 8. O-O
a6 9. a4 b6 10. Qe1 Ne8 11. b3 e5 12. fxe5 Nxe5 13. Nxe5 Bxe5 14. Bf4 Bd4+ 15.
Be3 Bg7 16. Bd2 Qe7 17. Kh1 Nf6 18. h3 Nd7 19. Qe2 Ne5 20. Rae1 Bb7 21. Nd1 Qh4
22. Be3 Bc8 23. Bf2 Qd8 24. Bg3 Qe7 25. Ne3 Bb7 26. Bxe5 Bxe5 27. Nc4 1/2-1/2